000 01412nam a22003494a 4500
001 ebr5006033
003 CaPaEBR
006 m u
007 cr cn|||||||||
008 010829s2001 ja sb i001 0 eng
010 _z 2001005191
020 _z9280810731 (pbk.)
040 _aCaPaEBR
_cCaPaEBR
035 _a(OCoLC)133162690
050 1 4 _aHG5993
_b.F559 2001eb
082 0 4 _a338.91
_221
245 0 0 _aFinancing for development
_h[electronic resource] :
_bproposals from business and civil society /
_cedited by Barry Herman, Federica Pietracci, and Krishnan Sharma.
260 _aTokyo ;
_aNew York :
_bUnited Nations University Press,
_cc2001.
300 _aix, 181 p.
504 _aIncludes bibliographical references and index.
533 _aElectronic reproduction.
_bPalo Alto, Calif. :
_cebrary,
_d2013.
_nAvailable via World Wide Web.
_nAccess may be limited to ebrary affiliated libraries.
650 0 _aInvestments, Foreign
_zDeveloping countries.
650 0 _aEconomic development
_xFinance.
650 0 _aFinance
_zDeveloping countries.
650 0 _aInternational finance.
655 7 _aElectronic books.
_2local
700 1 _aHerman, Barry.
700 1 _aPietracci, Federica.
700 1 _aSharma, Krishnan.
710 2 _aebrary, Inc.
856 4 0 _uhttp://site.ebrary.com/lib/rucke/Doc?id=5006033
_zAn electronic book accessible through the World Wide Web; click to view
999 _c6202
_d6202